Kopa Trophy Winners and Runners-Up - Statistics

General Stats
  • This quiz has been taken 144 times
    69 since last reset
  • The average score is 8 of 14
Answer Stats
Answer % Correct
Lamine Yamal
95%
Lamine Yamal
95%
Pedri
82%
Kylian Mbappé
79%
Gavi
76%
Jude Bellingham
71%
Jude Bellingham
71%
Désiré Doué
65%
Matthijs de Ligt
47%
Jamal Musiala
42%
Arda Güler
32%
Jadon Sancho
26%
Eduardo Camavinga
15%
Christian Pulisic
5%
No matching quizzes found
Score Distribution
Percent of People with Each Score
Percentile by Number Answered
Your Score History
You have not taken this quiz since the last reset